000 00323nam a2200145Ia 4500
003 IN-BaIIA
008 211028s9999 xx 000 0 eng d
040 _cIIA Library
080 _a531.5
_bSIN
100 _aSinha, T. A. K
_937416
245 0 _aGravity
_cT. A. K Sinha
260 _c2020
300 _a292p.
942 _cBK
999 _c19566
_d19566